UBT Library

2011 Intravenous Medications (Record no. 53932)

000 -LEADER
fixed length control field 00301nam a22001337a 4500
008 - FIXED-LENGTH DATA ELEMENTS--GENERAL INFORMATION
fixed length control field 190204b xxu||||| |||| 00| 0 eng d
020 ## - INTERNATIONAL STANDARD BOOK NUMBER
International Standard Book Number 9780323057929
041 ## - LANGUAGE CODE
Language code of text/sound track or separate title eng
080 ## - UNIVERSAL DECIMAL CLASSIFICATION NUMBER
Universal Decimal Classification number 610.73
100 ## - Rafti
Rafti 4
101 ## - Shkurtesa
Shkurtesa INF
245 ## - TITLE STATEMENT
Title 2011 Intravenous Medications
Statement of responsibility, etc Gahart, B.L
942 ## - ADDED ENTRY ELEMENTS (KOHA)
Source of classification or shelving scheme
Item type Books
Holdings
Withdrawn status Lost status Source of classification or shelving scheme Damaged status Not for loan Collection code Permanent location Current location Shelving location Date acquired Total Checkouts Full call number Barcode Date last seen Price effective from Koha item type
          Koleksioni i përgjithshem UBT - Lipjan UBT - Lipjan Koleksioni i përgjithshem 02/04/2019   610.73 GAH 002-3021483 02/04/2019 02/04/2019 Books
UBT Library © 2015-2024. All rights reserved University Education for Business and Technology